Του πολέμου ; Στο άλογό μου
Αποθηκεύτηκε σε:
| Κύριος συγγραφέας: | |
|---|---|
| Μορφή: | Βιβλίο |
| Γλώσσα: | Greek |
| Δημοσίευση: |
Αθήνα :
Αγρα,
1987.
|
| Θέματα: | |
| Ετικέτες: |
Προσθήκη ετικέτας
Δεν υπάρχουν, Καταχωρήστε ετικέτα πρώτοι!
|
MARC
| LEADER | 00000cam a2200000 i 4500 | ||
|---|---|---|---|
| 001 | 1/55118 | ||
| 008 | 941103s1987 gr | ||| |||| ||gre|| | ||
| 035 | |a 1994 |c ΒΙΒΛΙΟΘΗΚΗ |l 10045195 | ||
| 040 | |a GR-MyUa |b gre |e AACR2 | ||
| 041 | 0 | |a gre | |
| 082 | 7 | |a 889.3 | |
| 100 | 1 | |a Καββαδίας, Νίκος, |d 1910-1975. | |
| 245 | 1 | 4 | |a Του πολέμου ; |b Στο άλογό μου / |c Νίκος Καββαδίας. |
| 260 | |a Αθήνα : |b Αγρα, |c 1987. | ||
| 300 | |a 58 σ. ; |c 17 εκ. | ||
| 650 | 0 | 0 | |a Greek fiction. |
| 740 | 0 | |a Στο άλογό μου. | |
| 852 | |a INST |b SAMOS |e 19941103 |h 889.3 ΚΑΒ |p 005300006746 |q 005300006746 |t BK |y 0 | ||
| 852 | |a INST |b SYROS |e 20221017 |h 889.3 ΚΑΒ |p 005500015618 |q 005500015618 |t BK |y 0 | ||